Science Quiz

Random Science Quiz

Heaviest Whales Quiz Stats

 Plays Quiz not verified by Sporcle

Score 0/10 Timer 05:00
0 Plays Today
Weight Answer % Correct
190 t Blue Whale
100%
90 t Humpback Whale
86.2%
57 t Sperm Whale
82.8%
36 t Gray Whale
41.4%
74 t Fin Whale
41.4%
100 t Bowhead Whale
34.5%
37.75 t Sei Whale
24.1%
80 t Southern Right Whale
20.7%
106 t North Atlantic Right Whale
3.4%
80 t North Pacific Right Whale
3.4%

You're not logged in!

Compare scores with friends on all Sporcle quizzes.
OR
Log In

Sporcle TV

Today on Sporcle TV


Watch our educational content, quiz creation guides, and fun videos on Sporcle TV.

Show Comments

Extras

Created Jul 31, 2016ReportNominate
Tags:heaviest, weight, whale

Top Quizzes Today


Score Distribution

Your Account Isn't Verified!

In order to create a playlist on Sporcle, you need to verify the email address you used during registration. Go to your Sporcle Settings to finish the process.

Report this User

Report this user for behavior that violates our Community Guidelines.

Details: